不和其他任何市辖区接壤的市辖区 - Statistics

General Stats
  • This quiz has been taken 12 times
  • The average score is 49 of 70
Answer Stats
省级行政区 地级行政区 县级行政区 % Correct
山西省 晋城市 城区
100%
广东省 汕尾市 城区
100%
海南省 三沙市 西沙区
100%
海南省 三沙市 南沙区
100%
内蒙古自治区 呼伦贝尔市 扎赉诺尔区
92%
陕西省 咸阳市 杨陵区
92%
甘肃省 武威市 凉州区
92%
甘肃省 张掖市 甘州区
92%
甘肃省 酒泉市 肃州区
92%
河北省 承德市 鹰手营子矿区
83%
山西省 忻州市 忻府区
83%
内蒙古自治区 包头市 白云鄂博矿区
83%
内蒙古自治区 通辽市 科尔沁区
83%
内蒙古自治区 呼伦贝尔市 海拉尔区
83%
辽宁省 铁岭市 银州区
83%
福建省 宁德市 蕉城区
83%
湖南省 衡阳市 南岳区
83%
湖南省 岳阳市 君山区
83%
云南省 昆明市 东川区
83%
西藏自治区 日喀则市 桑珠孜区
83%
陕西省 商洛市 商州区
83%
新疆维吾尔自治区 哈密市 伊州区
83%
山西省 运城市 盐湖区
75%
山西省 吕梁市 离石区
75%
内蒙古自治区 巴彦淖尔市 临河区
75%
内蒙古自治区 乌兰察布市 集宁区
75%
辽宁省 营口市 鲅鱼圈区
75%
黑龙江省 黑河市 爱辉区
75%
河南省 郑州市 上街区
75%
湖南省 娄底市 娄星区
75%
广东省 河源市 源城区
75%
贵州省 毕节市 七星关区
75%
云南省 昭通市 昭阳区
75%
云南省 丽江市 古城区
75%
甘肃省 白银市 白银区
75%
新疆维吾尔自治区 克拉玛依市 独山子区
75%
河北省 石家庄市 井陉矿区
67%
浙江省 丽水市 莲都区
67%
江西省 新余市 渝水区
67%
广东省 湛江市 坡头区
67%
四川省 乐山市 金口河区
67%
云南省 保山市 隆阳区
67%
云南省 普洱市 思茅区
67%
西藏自治区 林芝市 巴宜区
67%
陕西省 安康市 汉滨区
67%
甘肃省 陇南市 武都区
67%
山西省 临汾市 尧都区
58%
福建省 南平市 建阳区
58%
江西省 宜春市 袁州区
58%
湖南省 怀化市 鹤城区
58%
广西壮族自治区 崇左市 江州区
58%
重庆市 (直辖) 黔江区
58%
四川省 资阳市 雁江区
58%
云南省 临沧市 临翔区
58%
西藏自治区 昌都市 卡若区
58%
西藏自治区 山南市 乃东区
58%
西藏自治区 那曲市 色尼区
58%
甘肃省 金昌市 金川区
58%
甘肃省 平凉市 崆峒区
58%
宁夏回族自治区 固原市 原州区
58%
辽宁省 铁岭市 清河区
50%
吉林省 白城市 洮北区
50%
河南省 濮阳市 华龙区
50%
河南省 驻马店市 驿城区
50%
甘肃省 庆阳市 西峰区
50%
辽宁省 阜新市 清河门区
42%
黑龙江省 齐齐哈尔市 碾子山区
42%
河南省 平顶山市 石龙区
42%
吉林省 松原市 宁江区
33%
甘肃省 定西市 安定区
33%
No matching quizzes found
Score Distribution
Percent of People with Each Score
Percentile by Number Answered
Your Score History
You have not taken this quiz